Vista normal
Vista MARC
Entrada Personal Name
Número de registros utilizados en: 1
001 - CONTROL NUMBER
- control field: 17918
003 - CONTROL NUMBER IDENTIFIER
- control field: DLC
005 - DATE AND TIME OF LATEST TRANSACTION
- control field: 20260313145256.0
008 - FIXED-LENGTH DATA ELEMENTS
- fixed length control field: 900314n| azannaabn |a aaa
010 ## - LIBRARY OF CONGRESS CONTROL NUMBER
- LC control number: n 90620806
- Canceled/invalid LC control number: no 98089274
035 ## - SYSTEM CONTROL NUMBER
- System control number: (OCoLC)oca02703549
035 ## - SYSTEM CONTROL NUMBER
- System control number: (CaEvSKY)skya3558807
040 ## - CATALOGING SOURCE
- Original cataloging agency: DLC
- Language of cataloging: spa
- Description conventions: rda
- Transcribing agency: Mx-PuUPA
- Modifying agency: TxU
- Modifying agency: DLC
- Modifying agency: OCoLC
- Modifying agency: CSt
- Modifying agency: MX-MrUMS
- Modifying agency: Mx-PuUPA
100 1# - HEADING--PERSONAL NAME
- Personal name: Yankelevich, Pablo,
372 ## - FIELD OF ACTIVITY
- Field of activity: Historia
- Source of term: lcsh
373 ## - ASSOCIATED GROUP
- Associated group: Universidad Nacional Autónoma de México
- Associated group: Instituto Nacional de Antropología e Historia (México)
- Associated group: Universidad de Buenos Aires
- Source of term: naf
374 ## - OCCUPATION
- Occupation: Profesor universitario
- Source of term: lcsh
374 ## - OCCUPATION
- Occupation: Researcher
374 ## - OCCUPATION
- Occupation: Autor
- Source of term: lcsh
375 ## - GENDER
- Gender: hombre
377 ## - ASSOCIATED LANGUAGE
- Language code: spa
378 ## - FULLER FORM OF PERSONAL NAME
- Fuller form of personal name: Pablo S. Yankelevich Rosembaum
400 1# - SEE FROM TRACING--PERSONAL NAME
- Personal name: Yankelevich Rosembaum, Pablo S.
400 1# - SEE FROM TRACING--PERSONAL NAME
- Personal name: Rosembaum, Pablo S. Yankelevich
670 ## - SOURCE DATA FOUND
- Source citation: Honduras, 1988 i.e. 1989:
- Information found: t.p. (Pablo Yankelevich)
670 ## - SOURCE DATA FOUND
- Source citation: La revolución propagandizada, 1996:
- Information found: t.p. (Pablo S. Yankelevich Rosembaum; doctor en estudios latinoamericanos)
670 ## - SOURCE DATA FOUND
- Source citation: Argentina, 1976, 2008:
- Information found: title page (Pablo Yankelevich) page 286 (Pablo Yankelevich es doctor en historia por la Universidad Nacional Autónoma de México y actualmente profesor-investigador del Instituto Nacional de Antropología e Historia de México. Fue profesor titular en la Universidad de Buenos Aires)